Szczegóły MARC21

A concise dictionary of Polish psychologists /

003 -Nazwa inst., której nr kontr. jest w polu 001 [,]
    • @
    • Nazwa instytucji, której n kontrolny jest w polu 001
    • NUKAT
005 -DATA I CZAS OSTATNIEJ MODYFIKACJI [,]
    • @
    • pole kontrolne
    • 20241231092348.0
020 -Międzynarod. znormalizowany nr książki - ISBN [ , ]
    • a
    • Numer ISBN
    • 8391997758 Find
040 -Instytucja sporządzająca opis [ , ]
    • a
    • Instytucja, która sporządziła opis (NP)
    • POZN U/HC
    • c
    • Instytucja, która sporządziła rekord (NP)
    • POZN U/HC
    • d
    • Instytucja, która zmodyfikowała rekord (P)
    • POZN U/JG
    • d
    • Instytucja, która zmodyfikowała rekord (P)
    • POZN U/KaKs
041 -Język dokumentu [1, ]
    • a
    • Język tekstu (P)
    • angielski
    • h
    • Język tekstu oryginalnego i/lub pośredniego (P)
    • polski
942 -Rodzaj dokumentu [ , ]
    • c
    • Rodzaj dokumentu
    • Książka
245 -Strefa tytułu i oznaczenia odpowiedzialności [0,2]
    • a
    • Tytuł
    • A concise dictionary of Polish psychologists / Find
    • c
    • Pozostałe elementy strefy tytułu i oznaczenia odpowiedzialności (NP)
    • ed. by Teresa Rzepa, Ryszard Stachowski, Julita Rydlewska ; transl. by Julita Rydlewska.
260 -Strefa adresu wydawniczego [ , ]
    • a
    • Miejsce wydania (P)
    • Szczecin :
    • b
    • Nazwa wydawcy (P)
    • AMP Studio Paweł Majewski,
    • c
    • Data wydania (P)
    • 2004.
300 -Strefa opisu fizycznego [ , ]
    • a
    • Określenie formy książki i/lub objętość (NP)
    • 108 s. ;
    • c
    • Format (NP)
    • 25 cm.
336 -Typ zawartości [ , ]
    • a
    • Termin opisujący typ zawartości
    • Tekst
    • b
    • Kod określający zawartość
    • txt
    • 2
    • Źródło (terminu i kodu)
    • rdacontent
337 -Typ mediów [ , ]
    • a
    • Tryb odtwarzania
    • Bez urządzenia pośredniczącego
    • b
    • Kod typu mediów
    • n
    • 2
    • Źródło (terminu i kodu)
    • rdamedia
338 -Typ/rodzaj nośnika [ , ]
    • a
    • Hasło opisujące typ nośnika
    • Wolumin
    • b
    • Kod typu nośnika
    • nc
    • 2
    • Źródło (terminu i kodu)
    • rdacarrier
504 -Uwaga dot. bibliogr. załącznikowej [ , ]
    • a
    • Uwaga dot. bibliografii załącznikowej
    • Bibliogr. przy hasłach. Indeks.
080 -Uniwersalna Klasyfikacja Dziesiętna [ , ]
    • 2
    • Identyfikator wydania tablic
    • UDC-PO58
    • a
    • Symbol klasyfikacji
    • 159.9
    • b
    • Dopowiedzenie
    • Psychologia.
    • x
    • Poddział wspólny
    • (091)
    • b
    • Dopowiedzenie
    • Opracowania historyczne.
    • x
    • Poddział wspólny
    • (438)
    • b
    • Dopowiedzenie
    • Polska.
    • x
    • Poddział wspólny
    • (038)
    • b
    • Dopowiedzenie
    • Słowniki.
    • x
    • Poddział wspólny
    • =111
    • b
    • Dopowiedzenie
    • Język polski.
080 -Uniwersalna Klasyfikacja Dziesiętna [ , ]
    • 2
    • Identyfikator wydania tablic
    • UDC-PO58
    • a
    • Symbol klasyfikacji
    • 929-052
    • b
    • Dopowiedzenie
    • Biografie zbiorowe.
    • x
    • Poddział wspólny
    • (038)
    • b
    • Dopowiedzenie
    • Słowniki.
    • x
    • Poddział wspólny
    • (438)
    • b
    • Dopowiedzenie
    • Polska.
    • x
    • Poddział wspólny
    • =111
    • b
    • Dopowiedzenie
    • Język polski.
650 -Hasło przedmiotowe [ ,7]
    • a
    • Hasło przedmiotowe
    • Psycholodzy
    • z
    • Określnik geograficzny
    • Polska
    • v
    • Określnik formalny
    • biografie
    • v
    • Określnik formalny
    • słowniki.
    • 2
    • Źródło terminu
    • kaba
    • 9
    • KHW
    • 400508
980 -Symbol UKD [ , ]
    • a
    • UKD
    • 159.9(091):929-052](038)(438)=111
700 -Hasło dodatkowe - nazwa osobowa [1, ]
    • a
    • Nazwa osobowa (NP)
    • Rzepa, Teresa Find
    • d
    • Daty biograficzne (NP)
    • (1952- ).
    • e
    • Określenie rodzaju współpracy
    • Red.
    • 9
    • KHW
    • 19219
700 -Hasło dodatkowe - nazwa osobowa [1, ]
    • a
    • Nazwa osobowa (NP)
    • Stachowski, Ryszard Find
    • d
    • Daty biograficzne (NP)
    • (1937- ).
    • e
    • Określenie rodzaju współpracy
    • Red.
    • 9
    • KHW
    • 252828
700 -Hasło dodatkowe - nazwa osobowa [1, ]
    • a
    • Nazwa osobowa (NP)
    • Rydlewska, Julitta. Find
    • e
    • Określenie rodzaju współpracy
    • Tł.
    • 9
    • KHW
    • 400586
920 -ISBN [ , ]
    • a
    • ISBN
    • 83-919977-5-8 Find
Lokalizacja Sygnatura Status udost. Data inwentaryzacji Numer inwentarzowy
BG 12007-11-19Z.109774
BMANG. Psychologia 0112006-05-17A.7485
BNS 12017-02-16H.29402